Sweet Valley Kids : Lila's secret / (Record no. 1335)
[ view plain ]
| 000 -LEADER | |
|---|---|
| fixed length control field | 00658nam a22002297a 4500 |
| 003 - CONTROL NUMBER IDENTIFIER | |
| control field | OSt |
| 005 - DATE AND TIME OF LATEST TRANSACTION | |
| control field | 20140310181706.0 |
| 008 - FIXED-LENGTH DATA ELEMENTS--GENERAL INFORMATION | |
| fixed length control field | 121122t xxu||||| |||| 00| 0 eng d |
| 020 ## - INTERNATIONAL STANDARD BOOK NUMBER | |
| International Standard Book Number | 0553157736 |
| 050 ## - LIBRARY OF CONGRESS CALL NUMBER | |
| Classification number | PZ 7 |
| Item number | .St849 1990 |
| 082 ## - DEWEY DECIMAL CLASSIFICATION NUMBER | |
| Classification number | KF St4sv |
| Item number | #6 |
| 100 ## - MAIN ENTRY--PERSONAL NAME | |
| Personal name | Stewart, Molly Mia |
| 9 (RLIN) | 3765 |
| 245 ## - TITLE STATEMENT | |
| Title | Sweet Valley Kids : Lila's secret / |
| Remainder of title | Written Molly Mia Stewart; Created by Francine Pascal; illustrated by Ying- Hwa Hu. |
| 260 ## - PUBLICATION, DISTRIBUTION, ETC. (IMPRINT) | |
| Place of publication, distribution, etc | New York : |
| Name of publisher, distributor, etc | Bantam Books |
| Date of publication, distribution, etc | 1991. |
| 300 ## - PHYSICAL DESCRIPTION | |
| Size of unit | 71 p.; |
| Other physical details | 19 cm. |
| 541 ## - IMMEDIATE SOURCE OF ACQUISITION NOTE | |
| -- | 1 |
| 541 ## - IMMEDIATE SOURCE OF ACQUISITION NOTE | |
| -- | 2 |
| 541 ## - IMMEDIATE SOURCE OF ACQUISITION NOTE | |
| -- | 3 |
| 562 ## - COPY AND VERSION IDENTIFICATION NOTE | |
| Number of copies | 3 |
| 650 ## - SUBJECT ADDED ENTRY--TOPICAL TERM | |
| Topical term or geographic name as entry element | Fiction |
| 9 (RLIN) | 746 |
| 942 ## - ADDED ENTRY ELEMENTS (KOHA) | |
| Source of classification or shelving scheme | Library of Congress Classification |
| Koha item type | |
| Call number prefix | |
| Withdrawn status | Lost status | Source of classification or shelving scheme | Damaged status | Home library | Current library | Shelving location | Date acquired | Total Checkouts | Full call number | Barcode | Date last seen | Copy number | Price effective from | Koha item type |
|---|---|---|---|---|---|---|---|---|---|---|---|---|---|---|
| Library of Congress Classification | Luxembourg Library | Luxembourg Library | Kids Fiction Section | 11/22/2012 | PZ 7 .St849 1990 | 10734 | 08/13/2013 | 1 | 10/03/2013 | Books | ||||
| Library of Congress Classification | Luxembourg Library | Luxembourg Library | Kids Fiction Section | 07/25/2013 | PZ 7 .St849 1990 | 9659 | 05/25/2015 | 2 | 07/25/2013 | Books | ||||
| Library of Congress Classification | Luxembourg Library | Luxembourg Library | Kids Fiction Section | 07/25/2013 | PZ 7 .St849 1990 | 8400 | 08/13/2013 | 3 | 07/25/2013 | Books |